| 000 | 00401nam a2200169Ia 4500 | ||
|---|---|---|---|
| 008 | 220531s9999 xx 000 0 und d | ||
| 041 | _aeng | ||
| 082 | _bLAL | ||
| 100 |
_aLall, Ramji _938014 |
||
| 245 | _aSelected Poems Of George Herbert | ||
| 260 |
_bRama _c1995 |
||
| 300 | _a323 | ||
| 542 | _d28-11-1997 | ||
| 650 |
_aEnglish _938015 |
||
| 906 |
_d1997-1998 _f5602 |
||
| 999 |
_c23061 _d23061 |
||